000 00369nam a2200157Ia 4500
003 Ost
005 20260225132547.0
008 260225s9999||||xx |||||||||||||| ||und||
040 _cfsic
041 _afre
082 _a440
100 _aMaison de jeunes de Berkhadem
_eAuteur
245 0 _aThamazighth /
245 0 _cMaison de jeunes de Berkhadem
942 _cكتاب
999 _c33927
_d33927